01753cam a2200289 a 4500001000800000005001700008008004100025010001700066020002500083020001800108035002100126035002000147040003100167050002400198100002500222245010300247260004800350300002100398520075800419650007501177650002801252650002601280650003001306942000801336952010401344999001501448412036120250923094130.0081024s2009 nyu 000 0 eng  a 2008044895 a9781584797517 (pbk.) a9781584797746 a(CaONFJC)8848840 a(CaBVaU)4120361 aDLCcDLCdCaONFJCdUtOrBLW00aTD171.7b.D672 2009 aDorfman, Josh92575214aThe lazy environmentalist on a budget b: save money, save time, save the planet c/ Josh Dorfman. aNew York :bStewart, Tabori & Chang,c2009. a221 p. ;c21 cm. aThe Lazy Environmentalist is a guidebook to the best of green living. The last few years have witnessed an explosion in environmental innovation cutting across nearly every industry. New designers, technologies, and companies are creating a whole new set of eco-friendly choices in the form of products and services. The Lazy Environmentalist presents these developments and explains how green living is easier, more attractive, and more convenient than ever before. The book informs readers about hundreds of specific products and services and where to get them. Chapters cover the spectrum of lifestyle with specific headings like fashion, furniture, travel, transportation, real estate, architecture and construction, and education to name but a few. 0aEnvironmental protection Citizen participationxCitizen participation. 0aEnvironmentalism912143 0aOrganic living925753 0aSustainable living910807 2lcc 00102lcc4070aTBSbTBSd2025-08-25l0oTD171.7 DORr2025-08-25t1w2025-08-25y1zSOON AVAILABLE c4856d4856